[Event "NOR-chT Eliteserien 2021-22"]
[Site "Norway"]
[Date "2022.02.05"]
[Round "5.14"]
[White "Sagafos, Magne"]
[Black "Tari, Aryan"]
[Result "0-1"]
[WhiteElo "2386"]
[BlackElo "2660"]
[Annotator "TA"]
[PlyCount "80"]
[EventDate "2021.10.29"]
[EventType "team-tourn"]
[EventCountry "NOR"]
[SourceTitle "playchess.com"]
[Source "ChessBase"]
[SourceQuality "1"]

{[%evp 19,80,0,19,8,26,-10,-17,-16,0,-21,-17,-7,0,-6,-4,-3,-8,-6,0,-5,0,-3,0,-42,-30,-25,-32,-34,-16,-39,-35,-40,-38,-35,-35,-36,-39,-131,-128,-122,-99,-153,-138,-148,-134,-151,-144,-144,-136,-120,-142,-104,-92,-91,-87,-128,-118,-210,-193,-304,-297,-436,-418]} 1. e4 c5 2. Nf3 d6 3. d4 cxd4 4. Nxd4 Nf6 5. Nc3 Nc6 6. Bc4 Qb6 7. Nb3 e6 8. O-O Be7 9. Be3 Qc7 10. f4 O-O {[%cal Od6d5]} 11. Qf3 {B57: Classical Sicilian: Sozin with 6...Qb6.} a6 12. g4 {[#]} d5 $146 ({Predecessor:} 12... b5 13. Bd3 b4 14. Ne2 e5 15. f5 d5 16. Ng3 Bb7 17. g5 dxe4 18. Nxe4 Nxe4 19. Bxe4 Nd4 20. Nxd4 Bxe4 21. Qxe4 exd4 22. Qxd4 {0-1 (31) Grilc,A (2010)-Riegler,P (2235) Slovenia 1994}) 13. exd5 {The position is equal.} Nb4 {[%csl LRc2,LRc4]} 14. Bd3 Nfxd5 15. Nxd5 Nxd5 16. Bd4 $132 {[%mdl 2048] White has counterplay} Nb4 17. Be4 f5 18. gxf5 exf5 19. Bd5+ Kh8 20. c4 Nxd5 21. Qxd5 (21. cxd5 $11 Bf6 22. Bxf6 gxf6 23. Rac1) 21... Bd7 $15 {[%cal Bc8d7,Bd7a4,Ba4c6][%mdl 32]} 22. Qe5 Qxe5 23. Bxe5 Rfc8 24. Rfd1 Ba4 25. Rac1 Kg8 26. Rd3 $1 Rd8 27. Nd4 Bc5 28. b3 (28. a3 $15) 28... Bc6 $17 29. b4 Be4 30. Rdd1 ({Better is} 30. bxc5 Bxd3 31. c6 bxc6 32. Nxc6) 30... Bxb4 {This bishop pair is nice.} 31. Ne6 {[#]} Rxd1+ 32. Rxd1 Re8 33. Nc7 Re7 34. Rd8+ Kf7 {Strongly threatening ...Ba5.} 35. Nd5 Bxd5 36. cxd5 Ba5 37. Rc8 (37. Rb8 $142) 37... Rd7 38. d6 {[#]} (38. Rb8 $17 {is a better defense.}) 38... Bb4 $1 $19 39. Rc7 (39. h4 {was necessary.}) 39... Ke6 40. Bxg7 (40. h4 $142) 40... Bxd6 {Weighted Error Value: White=0.24 (precise) /Black=0.03 (flawless)} 0-1

[Event "NOR-chT Eliteserien 2021-22"]
[Site "Norway"]
[Date "2022.02.05"]
[Round "5.15"]
[White "Christiansen, Johan-Sebastian"]
[Black "Byklum, Bjornar"]
[Result "1-0"]
[WhiteElo "2584"]
[BlackElo "2318"]
[Annotator "TA"]
[PlyCount "67"]
[EventDate "2021.10.29"]
[EventType "team-tourn"]
[EventCountry "NOR"]
[SourceTitle "playchess.com"]
[Source "ChessBase"]
[SourceQuality "1"]

{[%evp 13,67,1,-6,0,18,22,56,52,54,55,70,86,83,79,65,65,72,72,89,42,32,23,23,23,37,22,47,20,33,6,33,15,14,16,38,9,69,54,99,48,54,45,48,52,109,84,116,125,126,107,1277,1264,29994,29995,29996,29997]} 1. c4 Nf6 2. Nc3 e6 3. e4 {[%cal Be2e4,Be4e5][%mdl 32]} d5 4. e5 d4 5. exf6 dxc3 6. fxg7 cxd2+ 7. Bxd2 Bxg7 8. Qc2 {8.Qb3 is more advanced technology. A18: English Opening: Flohr-Mikenas System (1 c4 Nf6 2 Nc3 e6 3 e4).} c5 9. Bc3 e5 {[#]} 10. Bd3 $146 {White is slightly better.} ({Of course not} 10. Rd1 $6 Qe7 $11) ({Predecessor:} 10. Rd1 Qe7 11. Be2 Nc6 12. Nf3 f5 13. O-O O-O 14. Ne1 Be6 15. b3 Nd4 16. Qb2 Rad8 17. Rd3 e4 18. Rd2 f4 19. Nc2 f3 20. Bd1 Qg5 21. g3 Qxd2 {0-1 (21) Oszvald,J (2171)-Fuentebella,M Richmond 2004}) 10... Nc6 11. Ne2 {[%cal Bg1e2,Be2g3,Bg3f5][%mdl 32]} Qh4 12. O-O O-O 13. Be4 Nd4 14. Bxd4 cxd4 15. Ng3 {Prevents f5.} Kh8 16. Rfe1 (16. b4 $16) 16... Qg5 $14 17. Bf5 Bxf5 18. Nxf5 Rac8 19. Qd3 Rc6 20. h4 Qf6 21. g4 Rd8 {[%cal Oh7h5]} 22. Re2 Qg6 23. Re4 {Black should prevent Ne7.} Rb6 24. b3 (24. h5 $5 {[%cal Rh5g6]} Qg5 25. b3 $11) 24... Bf6 (24... h5 $11) 25. Qf3 Rg8 (25... Re6 $14 {might be stronger.}) 26. Kh2 (26. Kf1 $16) 26... Bd8 27. Kh3 Re6 28. Rg1 Bc7 {[#]} ({Better is} 28... h6 $14) 29. g5 $1 $16 {[%cal Bg4g5,Bg5f6][%mdl 32]} Rf6 30. gxf6 {White is much more active.} Qxg1 31. Ng3 {Strongly threatening Rg4.} d3 $2 {[%mdl 8192]} (31... Bd6 $16) 32. Rg4 $18 {Threatening mate with Rxg8+.} Rd8 33. Rg7 ({Not} 33. Ne4 $2 Qf1+ 34. Qg2 Qxg2+ 35. Rxg2 d2 36. Nxd2 Rxd2 $19) 33... Rd4 34. Qh5 {Weighted Error Value: White=0.07 (flawless) /Black=0.35} 1-0

[Event "NOR-chT Eliteserien 2021-22"]
[Site "Norway"]
[Date "2022.02.05"]
[Round "5.16"]
[White "Harestad, Hans Krogh"]
[Black "Urkedal, Frode Olav Olsen"]
[Result "0-1"]
[WhiteElo "2208"]
[BlackElo "2549"]
[Annotator "TA"]
[PlyCount "68"]
[EventDate "2021.10.29"]
[EventType "team-tourn"]
[EventCountry "NOR"]
[SourceTitle "playchess.com"]
[Source "ChessBase"]
[SourceQuality "1"]

{[%evp 16,68,11,14,19,0,0,-7,-5,-12,-4,-18,-15,-18,-9,-18,-15,-29,-18,-16,-17,-37,-13,-13,-10,-35,-26,-62,-22,-19,-30,-25,-10,-25,-39,-60,-51,-61,-76,-177,-127,-157,-66,-58,-57,-240,-240,-322,-321,-346,-223,-435,-430,-361,-311]} 1. d4 Nf6 2. c4 e6 3. Nf3 d5 4. g3 Bb4+ 5. Bd2 Be7 6. Bg2 O-O 7. O-O c6 8. Qc2 Nbd7 9. Rd1 b6 {E11: Bogo-Indian.} 10. cxd5 cxd5 11. Nc3 Bb7 {The position is equal.} 12. Bg5 Rc8 {[#]} 13. Bxf6 $146 ({Predecessor:} 13. Rac1 Ne4 14. Bxe7 Qxe7 15. Qb3 Nxc3 16. Rxc3 Rxc3 17. Qxc3 Rc8 18. Qd2 Ba6 19. e3 {1-0 (48) Cerveny,M (2432)-Lopusiewicz,P (2222) Tallinn 2019}) 13... Nxf6 14. Qb3 a6 15. Ne5 b5 16. Rac1 Nd7 (16... Bd6 {feels hotter.} 17. e3 Qb6 18. f4 Qa5 19. a3 Rc7) 17. Nxd7 Qxd7 18. a3 Rc4 19. e3 h5 20. Ne2 Rfc8 21. Rxc4 dxc4 22. Qc2 Bxg2 23. Kxg2 Qb7+ 24. f3 a5 {[%cal Ba6a5,Ba5b4,Bb4b3][%mdl 32]} 25. Nc3 b4 26. axb4 axb4 27. Ne4 (27. Ne2 $17) 27... Qd5 (27... g5 $19 28. b3 cxb3 29. Qxb3 g4) 28. h4 c3 (28... f5 $17 29. Nd2 Qc6) 29. bxc3 $15 f5 $36 {[%mdl 2048] Black has some pressure.} 30. Nf2 {[#] This move loses the game for White.} (30. Nc5 $1 $15 Bxc5 31. dxc5 (31. cxb4 $2 Ra8 $19)) 30... Rxc3 $19 31. Qe2 b3 32. Rd2 Ba3 33. Nd3 (33. Nd1 {was the only chance.} Rc1 34. Kf2) 33... Qc4 34. Kf2 Rc2 {Weighted Error Value: White=0.34/Black=0.16 (very precise)} 0-1

[Event "NOR-chT Eliteserien 2021-22"]
[Site "Norway"]
[Date "2022.02.05"]
[Round "5.17"]
[White "Johansson, Linus"]
[Black "Andreassen, Pal Morten"]
[Result "1-0"]
[WhiteElo "2473"]
[BlackElo "2076"]
[Annotator "TA"]
[PlyCount "61"]
[EventDate "2021.10.29"]
[EventType "team-tourn"]
[EventCountry "NOR"]
[SourceTitle "playchess.com"]
[Source "ChessBase"]
[SourceQuality "1"]

{[%evp 11,61,52,57,0,0,0,44,39,42,9,64,8,55,37,36,53,144,143,147,144,144,135,115,123,98,97,241,250,471,516,510,503,470,458,868,922,869,904,893,879,849,845,1312,1313,1650,1699,1650,1645,1518,1013,1206,1134]} 1. d4 Nf6 2. c4 g6 3. Nc3 Bg7 4. e4 d6 5. Be2 O-O 6. Be3 Nbd7 {Recently 6...Na6 got a lot of attention.} 7. g4 {E73: King's Indian: Averbakh Variation without 6...c5.} (7. Nf3 $14) 7... c5 $11 8. g5 Ne8 (8... Nh5 $11) 9. Nf3 {White is slightly better.} Nc7 {[#]} 10. Qd2 $146 ({Predecessor:} 10. h4 e5 11. d5 Rb8 12. h5 Re8 13. hxg6 fxg6 14. Qd3 Nf8 15. Nd2 Bd7 16. a3 {½-½ (41) Straka,V (2291)-Holecko,R (2178) Slovakia 2019}) 10... a6 (10... b5 $11) 11. O-O-O {White is more active.} ({White should play} 11. Rd1 $14) 11... Ne6 (11... b5 $11) 12. h4 $14 {[%cal Bh2h4,Bh4h5][%mdl 32]} b5 $1 13. h5 cxd4 (13... b4 $14 14. Nd5 Bb7) 14. Nxd4 $16 {Threatens to win with Nc6.} Ndc5 15. f3 Bb7 {Inhibits Nc6.} 16. Qe1 ({Don't do} 16. cxb5 Bxd4 17. Bxd4 axb5 $16) 16... Nxd4 17. Bxd4 Bxd4 18. Rxd4 {Hoping for Qh4.} e5 {Black cannot hold the game after this.} (18... Kg7 $16 {was worth a try.}) 19. Qh4 $1 $18 {[%cal Oh5g6] hxg6! is the strong threat.} Qe7 $2 {[#]} (19... exd4 $2 20. hxg6 $1 Qxg5+ 21. Qxg5 $18) (19... Ne6 {was called for.} 20. hxg6 Qxg5+ 21. Qxg5 Nxg5 22. gxh7+ (22. Rxd6 fxg6 23. Rb6 Bc8 $16) 22... Kh8 23. Rxd6 bxc4) 20. hxg6 $1 {White is clearly winning.} fxg6 {[#]} 21. Rxd6 {[%mdl 512]} Qg7 22. b4 Nd7 {[#]} (22... Na4 $142) 23. Qxh7+ $3 {[%mdl 512]} Qxh7 24. Rxh7 Kxh7 25. Rxd7+ Kg8 26. Rxb7 bxc4 27. Nd5 Rf7 28. Rxf7 Kxf7 29. Bxc4 {White wants to mate with Nb6+.} Kg7 30. Kd2 a5 31. b5 {Weighted Error Value: White=0.13 (very precise) /Black=0.41} 1-0

[Event "NOR-chT Eliteserien 2021-22"]
[Site "Norway"]
[Date "2022.02.05"]
[Round "5.18"]
[White "Flaata, Alexander R."]
[Black "Ranaldi, Lucas"]
[Result "1/2-1/2"]
[WhiteElo "2019"]
[BlackElo "2337"]
[Annotator "TA"]
[PlyCount "269"]
[EventDate "2021.10.29"]
[EventType "team-tourn"]
[EventCountry "NOR"]
[SourceTitle "playchess.com"]
[Source "ChessBase"]
[SourceQuality "1"]

{[%evp 9,269,-10,-8,-18,-7,-12,0,0,1,0,0,-8,0,-29,-25,-28,-26,-41,-31,-37,-27,-57,-46,-51,-45,-57,-61,-53,-64,-64,-63,-112,-100,-107,-80,-92,-72,-116,-125,-127,-112,-112,-112,-124,-124,-157,-148,-168,-64,-83,-91,-100,-61,-83,-86,-95,-83,-85,-23,-41,-19,-18,-3,-23,-8,-33,-33,-35,-31,-50,0,-31,-33,-43,0,0,0,0,0,-10,-2,-86,-74,-67,-53,-47,-62,-94,-100,-193,-161,-231,-239,-217,-233,-243,-237,-252,-251,-227,-215,-274,-282,-300,-289,-312,-306,-417,-408,-347,-287,-285,-281,-272,0,-245,-230,-326,-272,-333,-306,-278,-241,-318,-281,-279,-270,-265,-201,-251,-210,-162,-31,-222,-182,-182,-177,-246,-251,-252,-212,-237,-229,-222,-205,-187,0,-208,-129,-129,-129,-129,-129,-129,-129,-129,-129,-129,-129,-129,-129,-154,-128,-129,-129,-129,-129,-129,-129,-129,-129,-129,-129,-129,-129,-129,-128,-129,-129,-129,-129,-129,-129,-129,-129,-129,-129,-189,-128,-128,-128,-128,-128,-129,-129,-129,-129,-129,-128,-4625,-128,-128,-8,-8,-8,-8,-8,-8,0,-8,0,-8,-4,-4,-4,-8,-8,-8,-8,-8,-4,-8,-4,-4,-4,-4,-4,-4,-4,-4,-4,-4,-4,-4,0,-4,-4,-4,-4,-4,-4,-4,-4,-4,0,-4,-4,-4,-4,-4,-3,-3,-3,-3,-3,-3,-3,-3,0,0,0,0]} 1. d4 Nf6 2. Nc3 d5 3. Bf4 a6 4. e3 e6 5. Nf3 c5 6. dxc5 {D00: 1 d4 d5: Unusual lines.} Bxc5 7. Bd3 Nc6 8. O-O Bd6 9. Bxd6 Qxd6 10. e4 d4 11. Ne2 {[%cal Oe2d4]} e5 12. Ng3 O-O {[#]} 13. Nh4 $146 ({Predecessor:} 13. a3 g6 14. Qd2 Kg7 15. Nh4 h6 16. f4 Ng4 17. f5 Qf6 18. Nf3 Ne3 19. Rfe1 {1-0 (53) Naroditsky,D (2613)-Bachmann,A (2611) Chess.com INT 2019}) 13... g6 14. Qd2 Qe7 15. Qg5 h6 16. Qc1 (16. Qxh6 Ng4 17. Nxg6 Nxh6 $17) 16... Kg7 17. h3 Nh7 (17... Bd7 {is more complex.} 18. Nf3 Nh7 19. a3 Ng5 20. Nh2 Ne6) 18. Nf3 Ng5 19. Nxg5 hxg5 20. Be2 {Prevents g4.} (20. f3 $15) 20... Be6 21. Qd2 Rac8 22. a3 f6 (22... Qf6 {looks sharper.} 23. Rfc1 Qf4 24. Qd1 Rh8 25. Bf3 Qf6) 23. Bg4 (23. Bd3 $142) 23... Bxg4 $17 24. hxg4 Qd7 25. f3 Qc7 26. Rf2 Na5 27. b3 {To avoid Nc4} Rfd8 {[%cal Od4d3]} 28. Nf1 {[%cal Bg3f1,Bf1e3,Be3c2,Bc2b4,Bb4d5][%mdl 32]} d3 (28... Qb6 $19 29. Qe1 Rc3) 29. Ne3 dxc2 30. Qxc2 Qxc2 31. Nxc2 Nxb3 32. Rb1 Rc3 33. Nb4 Rdc8 (33... Nd2 $17 34. Ra1 Rd4) 34. Kh2 $11 Na5 (34... Nd4 $5 {[%cal Rc3a3]} 35. Nd5 Rb3 36. Rxb3 Nxb3 $11) 35. Rd2 R3c7 {Inhibits Rd7+.} ({Don't play} 35... Rxa3 36. Rd7+ Kf8 37. Kg3 $14 (37. Nd5 Ra2 $11)) 36. Nd5 Rd7 37. Rdb2 Rc6 38. a4 Kf7 39. Kg3 Kg7 ({Better is} 39... f5 $1 $15) 40. Nb6 Rd4 41. Kf2 f5 (41... Rc5 $15) 42. gxf5 gxf5 43. exf5 g4 44. fxg4 Rxg4 45. Kg1 (45. Re2 $11) 45... Rd4 $1 $17 46. Rb4 Rcd6 47. g4 Kf6 48. Nc8 Rd8 49. Nb6 ({Wrong is} 49. Rb6+ $2 Nc6 50. Na7 Rxg4+ 51. Kf2 Rxa4 52. Nxc6 bxc6 53. Rxc6+ Kxf5 $19) (49. Rxd4 $17 {might work better.} exd4 50. Rb6+ Ke5 51. Re6+ Kf4 52. Nd6) 49... Kg5 $1 $19 50. Kf2 (50. R1b2 $142) 50... Rxg4 51. Rxg4+ Kxg4 {[%mdl 4096] Endgame KRN-KRN} 52. f6 Kf5 53. f7 {[%cal Ob6d7] Threatens to win with Nd7!} Rf8 54. Ke3 Rxf7 55. Rd1 Rh7 56. Rd6 Rh3+ 57. Ke2 Rh2+ 58. Ke3 Rb2 {[%cal Ob2b6]} 59. Kd3 Rb3+ 60. Kc2 Rb4 61. Kc3 Rb3+ 62. Kc2 $1 Rg3 63. Rd5 (63. Nd5 $142) 63... Rg2+ 64. Kd1 {[#]} Rg6 $1 65. Nc8 Nc6 66. Rd7 Rg8 67. Rc7 Ke6 {Inhibits Nd6.} 68. Nb6 Rb8 69. Kd2 Kd6 70. Rh7 Nb4 ({Black should try} 70... Rd8 $1 $19 71. Kc3 e4 72. Rxb7 Ke6) 71. Ke2 $2 (71. Rh4 $15) 71... Kc6 72. Rh6+ Kc7 73. Ke3 (73. Nc4 $142) 73... Rd8 74. Nc4 Nc6 75. Re6 Rd5 76. Rh6 Rd7 77. Re6 Rd5 78. Rh6 $1 Rd4 79. Nxe5 {[%cal Oh6c6]} Rxa4 80. Nxc6 bxc6 $17 {KR-KR} 81. Kd3 Rb4 82. Kc3 Rb5 83. Rg6 Kb6 84. Kc2 a5 85. Rg8 Kc5 86. Rg4 Rb4 87. Rg5+ Kb6 88. Kc3 Rh4 89. Kb3 Rh3+ 90. Ka4 Rd3 91. Rh5 Rd4+ 92. Ka3 Rd5 93. Rh1 Rd3+ 94. Ka4 Rd4+ 95. Ka3 Kb5 96. Rh5+ c5 {...Rd3+ is the strong threat.} 97. Rh8 Rd3+ 98. Ka2 (98. Kb2 $17 {was necessary.}) 98... Kb4 (98... a4 $19 {aiming for ...Kb4.} 99. Kb2 Rb3+ 100. Kc2 Rg3) 99. Rb8+ Ka4 100. Kb2 Rh3 101. Rc8 Kb4 102. Rb8+ Kc4 103. Ra8 Rh2+ 104. Kb1 $2 {[%mdl 8192] [#]} (104. Ka3 $17) 104... Kb3 $2 (104... a4 $1 $19 {and Black stays clearly on top. Strongly threatening ...Kc3.} 105. Rc8 Kb4) 105. Rb8+ {[#]} Kc3 (105... Ka4 $1 $17 {White must now prevent ...Rf2.} 106. Kc1 c4) 106. Rb5 $1 $11 {[%csl LRa5,LRc5] The position is equal.} c4 107. Rxa5 Rh1+ 108. Ka2 Rh2+ 109. Kb1 Rh1+ 110. Ka2 Kc2 111. Rg5 Rd1 112. Rg2+ Kc3 113. Rg3+ Rd3 114. Rg8 Kc2 115. Rg2+ Rd2 116. Rg1 c3 117. Rh1 Re2 118. Rh8 Kd3+ (118... Kd2 $5 119. Rh1 Rf2 $11) 119. Kb3 Rb2+ 120. Ka3 $1 Rd2 121. Kb3 Rb2+ 122. Ka3 $1 Rb7 123. Rh3+ Kd4 (123... Kc2 $5 124. Rh2+ Kd1 $11) 124. Rh4+ Kd5 125. Rh5+ Ke4 126. Rh4+ Kd5 127. Rh5+ Kc4 {( -> ...Ra7+)} 128. Rh4+ Kc5 129. Rh5+ Kb6 130. Rh6+ Ka5 131. Rh5+ Ka6 132. Rc5 Rb1 133. Rxc3 Kb5 134. Rb3+ Rxb3+ 135. Kxb3 {Whites escaped into a draw.  Weighted Error Value: White=0.19 (very precise) /Black=0.10 (very precise)} 1/2-1/2

[Event "NOR-chT Eliteserien 2021-22"]
[Site "Norway"]
[Date "2022.02.06"]
[Round "6.1"]
[White "Ostmoe, Geir Sune Tallaksen"]
[Black "Abdrlauf, Elham"]
[Result "1/2-1/2"]
[WhiteElo "2466"]
[BlackElo "2343"]
[Annotator "TA"]
[PlyCount "112"]
[EventDate "2021.10.29"]
[EventType "team-tourn"]
[EventCountry "NOR"]
[SourceTitle "playchess.com"]
[Source "ChessBase"]
[SourceQuality "1"]

{[%evp 14,112,47,54,76,11,5,6,4,0,0,6,23,0,20,0,25,0,8,-8,10,0,20,24,30,0,0,0,0,-1,-1,-1,-1,-1,-1,-1,-1,-1,8,8,8,8,8,8,8,0,26,25,33,33,35,35,34,33,35,35,35,35,35,0,44,0,46,8,8,8,8,8,8,8,19,0,16,0,25,8,16,1,25,0,0,0,0,0,0,0,0,0,0,0,0,0,0,0,0,0,0,0,0,0,0]} 1. d4 Nf6 2. Nf3 d5 {[%cal Bd7d5,Bd5c4][%mdl 32]} 3. c4 e6 4. g3 dxc4 5. Bg2 a6 6. O-O Nc6 7. e3 Rb8 8. Nfd2 e5 {E04: Open Catalan: 5 Nf3.} 9. Nxc4 ({White should play} 9. Bxc6+ $16 bxc6 10. dxe5) 9... exd4 $11 10. Bxc6+ bxc6 11. Qxd4 Qxd4 12. exd4 Be6 13. b3 c5 14. dxc5 Bxc5 {[#]} (14... Bxc4 $5 15. bxc4 Bxc5 $11) 15. Nbd2 $146 (15. Ba3 $5 {[%cal Ra3c5]} Bd4 16. Bb2 $11) ({Predecessor:} 15. Ba3 Bd4 16. Bb2 Bxb2 17. Nxb2 O-O 18. Rc1 {½-½ (18) Ustianovich,N (2344)-Zylka,S (2400) Poronin 2022}) 15... h5 16. h4 Ba7 17. Ba3 Rb5 (17... Rd8 {looks sharper.} 18. Kg2 Kd7 19. Rfe1 Bd5+ 20. f3 Rhe8) 18. Rac1 Rf5 19. Ne3 (19. Nb2 {keeps more tension.} Kd7 20. Na4 Rd8 21. Bc5 Kc8 22. Nb1) 19... Bxe3 20. fxe3 {And now Rxf5 would win.} Ra5 21. Bb2 Rxa2 22. Bxf6 gxf6 23. Rf2 O-O 24. Ne4 Rxf2 25. Kxf2 Bxb3 26. Nxf6+ {[%mdl 4096] Endgame KRB-KRN} Kh8 $1 (26... Kg7 27. Nxh5+ Kh6 28. Rc5 $14 (28. Nf4 a5 $11)) 27. Rc5 Ra8 28. Ra5 ({Of course not} 28. Nxh5 a5 29. Nf4 (29. Rxc7 $2 a4 $19) 29... a4 $17) 28... c5 29. Ne4 c4 30. Rxh5+ Kg7 {[#] Threatens to win with ...a5.} 31. Ra5 Rc8 32. Nd6 Rc6 33. Nf5+ Kh7 34. Nd4 Rf6+ 35. Ke2 Rg6 36. Kf2 Rf6+ $1 37. Ke2 Rg6 $1 38. Kf3 Bd1+ 39. Kf2 Rb6 40. Ke1 Bg4 41. Rg5 Bd7 42. Kd2 Rb1 (42... f6 43. Rc5 $16) 43. Kc3 Bb5 44. g4 Bd7 45. Kxc4 Rh1 46. Rh5+ Kg6 {The position is equal.} 47. e4 f6 ({Don't play} 47... Rc1+ 48. Kd5 $16) 48. Nf5 Bxf5 49. exf5+ {KR-KR} Kg7 50. Kc5 Rf1 51. Kb6 Rf4 52. g5 {[#] Black must now prevent g6.} Rxf5 53. Kxa6 fxg5 54. Rxg5+ Rxg5 55. hxg5 Kg6 56. Kb5 Kxg5 {Weighted Error Value: White=0.10 (very precise) /Black=0.05 (flawless)} 1/2-1/2

[Event "NOR-chT Eliteserien 2021-22"]
[Site "Norway"]
[Date "2022.02.06"]
[Round "6.1"]
[White "Lovik, Lasse Ostebo"]
[Black "Hillarp Persson, Tiger"]
[Result "1-0"]
[WhiteElo "2368"]
[BlackElo "2508"]
[Annotator "TA"]
[PlyCount "107"]
[EventDate "2021.10.29"]
[EventType "team-tourn"]
[EventCountry "NOR"]
[SourceTitle "playchess.com"]
[Source "ChessBase"]
[SourceQuality "1"]

{[%evp 13,107,14,28,0,28,31,26,6,43,36,34,13,41,-58,-22,-87,-83,-92,-26,-29,-26,-31,-22,-117,-133,-104,0,0,0,0,22,28,43,40,28,0,0,0,0,-50,0,0,0,0,79,64,117,111,110,112,106,112,108,95,115,105,79,42,48,29,195,192,188,188,188,191,186,186,197,195,248,212,264,262,253,161,314,301,405,399,391,384,447,391,556,564,513,487,659,616,1612,1295,3789,2650,1339,1090]} 1. e4 c5 2. Nf3 d6 3. d4 cxd4 4. Nxd4 Nf6 5. Nc3 a6 6. h3 e6 7. g4 {[%cal Bg2g4,Bg4g5][%mdl 32]} b5 8. g5 {B81: Sicilian Scheveningen: Keres Attack.} Nfd7 9. a3 Bb7 10. Be3 {White has an edge.} Be7 11. Rg1 Nc6 {[%cal Bb8c6,Bc6e5,Be5c4][%mdl 32]} 12. h4 O-O {[#]} 13. Qg4 $146 (13. Nxc6 $14 Bxc6 14. h5) ({Predecessor:} 13. h5 Nc5 14. Qg4 Ne5 15. Qg2 Rc8 16. f4 Nc4 17. Bxc4 bxc4 18. O-O-O Qb6 19. f5 {1-0 (32) Duda,J (2756)-Hillarp Persson,T (2528) Terme Catez 2021}) 13... Nce5 14. Qg2 (14. Qg3 $11) 14... Rc8 $17 15. f4 {[#]} Rxc3 $1 16. bxc3 $11 {[#]} Qc7 $1 17. Bd2 Nc4 18. f5 (18. Bxc4 $11 Qxc4 19. Qe2) 18... exf5 $17 19. Nxf5 {[#]} Nde5 (19... Re8 $1 $17 {And now ...Nce5 would win.} 20. a4 Bd8 21. Bxc4 Bxe4) 20. Bxc4 $11 Nxc4 21. h5 Ne5 22. a4 bxa4 23. Rxa4 Re8 24. g6 fxg6 25. hxg6 {Dancing on a razor blade.} Nxg6 26. Rh1 (26. Kd1 $11) 26... Bf6 ({Better is} 26... Qc6 $1 $15 27. Rb4 a5) 27. Kd1 Qc6 28. Rb4 $36 {[%mdl 2048] White is more active.} Bc8 {A strong pair of Bishops.} (28... Rxe4 $11 29. Rg1 Rxb4 30. Qxc6 Bxc6 31. cxb4 Bf3+ 32. Kc1 Be5) 29. Qh2 $16 {[%csl LRd6,LRh7]} Nf8 (29... Bxf5 $14 30. Qxh7+ (30. exf5 Nf8 $14) 30... Kf8) 30. Qxd6 {White is more active.} Qxd6 31. Nxd6 Bg4+ 32. Kc1 Re6 33. Nf5 h5 34. Rb8 Rxe4 35. Ng3 (35. Ne3 $5 {[%cal Re3g4]}) 35... Re5 36. Bf4 Ra5 $2 {A mistake that costs the game.} (36... g6 $11) 37. Bd6 $18 Bg5+ 38. Kb2 Rb5+ 39. Rxb5 axb5 40. Nxh5 Ne6 41. Ng3 Bf3 (41... Kf7 $142 42. Rf1+ Kg6) 42. Rf1 Bd5 43. Nf5 ({Much less strong is} 43. Rf5 Bc6 44. Rf1 Bf6 $18) 43... Bc4 44. Re1 {Black must now prevent Be5.} Bf6 $2 (44... g6 {was worth a try.}) 45. Ne3 Kf7 46. Nxc4 bxc4 {[%mdl 4096] Endgame KRB-KBN} 47. Re4 g5 48. Rxc4 Kg6 (48... Ke8 {is a better defense.} 49. Kb3 Kd7) 49. Re4 {White is clearly winning.} Kf5 50. Re1 Nf4 51. Kb3 {Hoping for c4.} g4 52. c4 {[%cal Bc3c4,Bc4c5,Bc5c6][%mdl 32]} g3 53. c5 g2 54. c6 {Weighted Error Value: White=0.20 (precise) /Black=0.41} 1-0